000
00340pab a2200145 454500
008
180718b1986 xxu||||| |||| 00| 0 eng d
100
_a
Dang, Satyapal
245
_a
Punjab police
_b
Why ineffective?
260
_c
1986
300
_a
5,35
362
_a
2 Aug.
650
_a
Police - India - Punjab
773
_a
Mainstream
909
_a
15166
999
_c
15166
_d
15166